|
|
|
|
| LEADER |
00744nab a2200205 i 4500 |
| 001 |
misc62591 |
| 005 |
20230117151248.0 |
| 008 |
220326s1964 hu o 0|| tur d |
| 040 |
|
|
|a SZTE Miscellanea Repozitórium
|b hun
|
| 041 |
|
|
|a tur
|
| 100 |
1 |
|
|a Gökbilgin Tayyib M.
|
| 245 |
1 |
0 |
|a Edirne hakkında yazılmıș tarihler ve Enîs-ül Müsâmirîn
|h [elektronikus dokumentum] /
|c Gökbilgin Tayyib M.
|
| 260 |
|
|
|a Türk Tarih Kurumu Basımevi
|b Ankara
|c 1964
|
| 300 |
|
|
|a 77-117
|c 24 cm
|
| 490 |
0 |
|
|a Edirne armağan kitabı
|
| 561 |
|
|
|a Németh Gyula hagyaték
|
| 591 |
|
|
|a NOA 2008
|
| 650 |
|
4 |
|a Bölcsészettudományok
|
| 650 |
|
4 |
|a Nyelvek és irodalom
|
| 856 |
4 |
0 |
|u http://misc.bibl.u-szeged.hu/62591/1/2008_noa_g56.pdf
|z Dokumentum-elérés
|